| 000 | 01316nam2a22002531 4500 | ||
|---|---|---|---|
| 001 | v19\rc\1815700 | ||
| 005 | 20250619131514.0 | ||
| 035 | _a(NLR Aleph) 004914567 | ||
| 090 |
_a5512965 _c5512965 |
||
| 100 | _a20071224d1913 |||y0rusy50 ca | ||
| 101 | 0 | _arus | |
| 102 | _aRU | ||
| 105 | _ay z ||||| | ||
| 200 | 0 |
_a... за 1912 год _eГод 8-й |
|
| 210 |
_d1913 _aБ. м. |
||
| 215 | _a23 с. | ||
| 461 | 0 |
_1001v19\rc\1815696 _12001#$aОтчет Правления Общества вспомоществования нуждающимся учащимся Киевского 1 коммерческого училища Общему собранию членов...$v... за 1912 год _95512928 _aКиевское коммерческое уч-ще (1). О-во вспомоществования нуждающимся учащимся _cКиев _d1907-1913 _tОтчет Правления Общества вспомоществования нуждающимся учащимся Киевского 1 коммерческого училища Общему собранию членов... _v... за 1912 год |
|
| 801 | 0 |
_aRU _bNLR _gpsbo |
|
| 801 | 0 |
_aRU _bRuMoRGB _2psbo |
|
| 801 | 1 |
_aRU _bProSoft-M _2rusmarc |
|
| 852 |
_aNLR _j34.61а.4.333(4) |
||
| 899 |
_aRuMoRGB _jM 99/342 |
||
| 942 | _cBOOK | ||
| 980 | _aNB | ||